Znani ludzie według inicjałów - imiona na "R" - Statystyki

Ogólne statystyki
  • Ten quiz został rozwiązany 299 razy
  • Średni wynik to 11 z 20
Statystyki odpowiedzi
Inicjały Kim jest ta osoba? Odpowiedź % Poprawnych
RL Polski piłkarz, najlepszy strzelec w historii reprezentacji Polski, najlepszy zagraniczny strzelec w historii Bundesligi Robert Lewandowski
94%
RA Brytyjski aktor i komik, znany m.in. z ról Jasia Fasoli i Johnny'ego Englisha Rowan Atkinson
78%
RP Polski reżyser, odpowiedzialny za filmy takie jak "Pianista", "Chinatown" czy "Dziecko Rosemary": Roman Polański
76%
RJ Polski muzyk i dziennikarz, wieloletni prowadzący "Jaka to melodia?" Robert Janowski
74%
RN Hiszpański tenisista, zwycięzca 19 turniejów wielkoszlemowych Rafael Nadal
72%
RF Szwajcarski tenisista, zwycięzca 20 turniejów wielkoszlemowych Roger Federer
72%
RR Amerykański polityk, prezydent USA w latach 1981-1989 Ronald Reegan
62%
RG Walijski piłkarz, rekordzista pod względem liczby rozegranych meczów w Manchesterze United Ryan Giggs
60%
RB Włoski piłkarz, zdobywca Złotej Piłki w 1993 r., znany dzięki niestrzelonemu karnemu w finale Mundialu 1994 Roberto Baggio
59%
RM Portorykański muzyk, znany z piosenek takich jak "Livin' Da Vida Loca" i "The Cup of Life" będącej piosenką Mundialu w 1998 r. Ricky Martin
58%
RK Polski polityk, ostatni w historii prezydent RP na uchodźstwie Ryszard Kaczorowski
50%
RQ Portugalski piłkarz, zawodnik m.in. Porto, Barcelony i Interu, mistrz Europy z 2016 r. Ricardo Quaresma
48%
RD Amerykański aktor, znany m.in. z ról Vito Corleone w "Ojcu chrzestny 2" czy Ala Capone w "Nietykalnych" Robert De Niro
48%
RT Polski generał, dowódca powstania styczniowego Romuald Traugutt
48%
RW Angielski muzyk, znany z piosenek takich jak "Supreme", "Feel" czy "Angels" Robbie Williams
44%
RC Australijski aktor, znany z głównych ról w filmach "Gladiator" i "Piękny umysł" Russell Crowe
40%
RO Angielski snookerzysta, siedmiokrotny mistrz świata i siedmiokrotny zwycięzca turnieju Masters Ronnie O'Sullivan
30%
RS Brytyjski muzyk, znany z piosenek takich jak "Sailing", "When I Need You" i "Baby Jane" Rod Stewart
27%
RH Amerykański reżyser i aktor, odpowiedzialny m.in. za filmy "Piękny umysł" i "Kod da Vinci" Ron Howard
17%
RE Amerykańśki poeta i eseista, jeden z najbardziej wpływowych myślicieli XIX w., zwolennik egalitaryzmu Ralph Waldo Emerson
1%
Nie znaleziono quizów pasujących do podanych kryteriów
Rozkład punktacji
Procent ludzi z każdym wynikiem
Percentyl według liczby udzielonych odpowiedzi
Twoja historia wyników
Nie rozwiązałeś tego quizu